000 00302nam a2200109Ia 4500
008 200302s9999 xx 000 0 und d
100 _aJeon, Mi-Sook
245 _aOffice / Station / Sports Facilities Urban Environment Design Vol 3
260 _bArchiworld Co., Ltd.
260 _c2003
300 _a255 P.,
999 _c2154
_d2154